Welche Länder und Meere an die Ukraine grenzen, nennen Sie die Länder - Statistiken

Allgemein
  • Dieses Quiz wurde 48 mal gespielt
  • Das Durchschnittsergebnis liegt bei 7 aus 9
Antwortstatistiken
Hint Antwort % Korrekt
Land Russland
98%
Polen
95%
Weißrussland
90%
Rumänien
88%
Meer Schwarz
88%
Ungarn
85%
Moldau
76%
Slowakei
76%
Asowsche
22%
Keine übereinstimmenden Quizze gefunden
Verteilung der Resultate
Anzahl Personen mit jedem Resultat
Perzentil nach korrekt beantworteten Fragen
Ihre Resultats-Entwicklung
Sie haben dieses Quiz noch nicht gespielt